000 00663nam a2200193Ia 4500
003 GCL
005 20240530110147.0
008 140319s9999 xx 000 0 ara d
040 _aGCL /
_cGCL
082 0 4 _a962.031
_bق/ج ت
100 1 _aجمال الدين الشيال
245 1 0 _aتاريخ الترجمه والحركة الثقافية فى عصر محمد على /
_cجمال الدين الشيال
260 _aالقاهرة :
_bدار الفكر العربى ،
_c1951
300 _a100 ص ؛
_c28 سم
650 0 4 _aمصر
_xالعصر الحديث
650 0 4 _aالترجمة
650 0 4 _aالثقافة العربية
942 _2ddc
_cBK
999 _c59060
_d59060